Dreambooks in the Middle Ages : A Global Perspective /

This volume explores the intricate art of interpreting dream symbols by tracing the evolution of oneirocritical traditions across Asia, the Middle East, and the Latin West. Spanning the classical, medieval, and modern periods, it reveals how diverse cultures have used dreambooks to translate imagine...

وصف كامل

محفوظ في:

مؤلفون آخرون: Cappozzo, Valerio (المحرر)

التنسيق: كتاب الكتروني

اللغة: English

منشور في: Leiden ; Boston : Brill, 2026.

سلاسل: Late Antiquity and Medieval Studies E-Books Online, Collection 2026
Reading Medieval Sources ; 10.

الموضوعات:

الوصول للمادة أونلاين: Login to view Source

الوسوم: إضافة وسم

لا توجد وسوم, كن أول من يضع وسما على هذه التسجيلة!

رقم الطلب: D410

LEADER 03905nam a22005058i 4500
001 BRILL9789004750944
003 nllekb
005 20260324115022.0
006 m d
007 cr un uuuua
008 251119s2026 gw sb 001 0 eng d
020 |a 9789004750944  |q (electronic book) 
020 |z 9789004718388  |q (print) 
024 7 |a 10.1163/9789004750944  |2 DOI 
040 |a NL-LeKB  |c NL-LeKB  |e rda 
041 |a eng 
050 4 |a D410 
072 7 |a HB  |2 bicssc 
072 7 |a HIS  |x 000000  |2 bisacsh 
082 0 4 |a 910.82 
245 0 0 |a Dreambooks in the Middle Ages :  |b A Global Perspective /  |c edited by Valerio Cappozzo. 
246 3 |a A Global Perspective 
264 1 |a Leiden ;  |a Boston :  |b Brill,  |c 2026. 
264 4 |c ©2026 
300 |a 1 online resource (352 pages) :  |b illustrations. 
336 |a text  |b txt  |2 rdacontent 
337 |a computer  |b c  |2 rdamedia 
338 |a online resource  |2 rdacarrier 
490 1 |a Late Antiquity and Medieval Studies E-Books Online, Collection 2026 
490 1 |a Reading Medieval Sources ;  |v 10 
504 |a Includes bibliographical references and index. 
505 0 |t List of Figures -- Notes on Contributors -- Introduction: Predicting the Past --   Valerio Cappozzo -- 1 Interpreting Dreams: the Reception and Use of Dreambooks in the Early Middle Ages --   Jesse Keskiaho -- 2 The Influence of Gender on Dream Readings in Early Byzantine and Islamic Dreambooks --   Bronwen Neil -- 3 Dreams in Islam: a Possible Mystical Experience? --   Pierre Lory -- 4 Oneiric Discourse in the Spanish Middle Ages --   Gabriela Cerghedean -- 5 The Newly Discovered Italian Tradition of the Somniale Danielis --   Valerio Cappozzo -- 6 Possessed by Dreams: Dream Interpretation Manuals in Late Medieval England --   Boyda Johnstone -- 7 "'Whether or not/these things Are hopeless,/it will tell me so"': Chaucerian Dream Poetry and the Medieval Dream-Book --   Lotte Reinbold -- 8 Divining and Organizing the Past: Dream Encyclopedic Knowledge in China --   Brigid E. Vance -- 9 Divination and Oneiromancy in Codex 1275 of the National Library of Greece --   Steven M. Oberhelman -- 10 Conspectus of the Western Manuscripts and Early Printed Books of the Somniale Danielis --   Lorenzo DiTommaso and László Sándor Chardonnens -- Index. 
520 |a This volume explores the intricate art of interpreting dream symbols by tracing the evolution of oneirocritical traditions across Asia, the Middle East, and the Latin West. Spanning the classical, medieval, and modern periods, it reveals how diverse cultures have used dreambooks to translate imagined realities into personal insight. A collection of scholarly essays, this volume vividly portrays humanity's enduring fascination with dreams as profound sources of knowledge-rooted in the past, experienced in the present, and foreshadowing the future. Also included is the "Conspectus of the Western Manuscripts and Early Printed Editions of the Somniale Danielis ," an essential reference for next generations of scholars. Contributors are Valerio Cappozzo, Gabriela Cerghedean, Lászlo Sándor Chardonnens, Lorenzo DiTommaso, Boyda Johnstone, Jesse Keskiaho, Pierre Lory, Bronwen Neil, Steven Oberhelman, Lotte Reinbold, and Brigid E. Vance. 
546 |a English 
588 |a Description based on print version record. 
650 0 |a Byzantine Studies. 
650 0 |a History. 
650 0 |a Literature and Cultural Studies. 
650 0 |a Medieval History. 
700 1 |a Cappozzo, Valerio,  |e editor. 
776 0 8 |i Print version:  |t Dreambooks in the Middle Ages : A Global Perspective.  |d Leiden ; Boston : Brill, 2026.  |z 9789004718388  |w (OCoLC)1536316535 
830 0 |a Late Antiquity and Medieval Studies E-Books Online, Collection 2026 
830 0 |a Reading Medieval Sources ;  |v 10. 
856 4 |z DOI:   |u http://dx.doi.org/10.1163/9789004750944 
999 |c 61933  |d 61933